Μελέτη των οικονομικών σχέσεων της Ελλάδας με τη Σαουδική Αραβία και τα Ηνωμένα Αραβικά Εμιράτα : [πτυχιακή εργασία]
Αποθηκεύτηκε σε:
| Κύριος συγγραφέας: | |
|---|---|
| Συγγραφή απο Οργανισμό/Αρχή: | |
| Άλλοι συγγραφείς: | |
| Μορφή: | Thesis Βιβλίο |
| Γλώσσα: | Greek |
| Δημοσίευση: |
2014.
|
| Θέματα: | |
| Διαθέσιμο Online: | http://hdl.handle.net/11610/8482 |
| Ετικέτες: |
Προσθήκη ετικέτας
Δεν υπάρχουν, Καταχωρήστε ετικέτα πρώτοι!
|
MARC
| LEADER | 00000cam a2200000 i 4500 | ||
|---|---|---|---|
| 001 | 1/67618 | ||
| 008 | 150220s2014 gr | ||| |||| ||gre|| | ||
| 035 | |l 10121200 | ||
| 040 | |a GR-MyUa |b gre |e AACR2 | ||
| 041 | 0 | |a gre | |
| 082 | 7 | |a 337.9495 |2 (23) | |
| 100 | 1 | |a Ευαγγέλου, Σαμουήλ. | |
| 245 | 1 | 0 | |a Μελέτη των οικονομικών σχέσεων της Ελλάδας με τη Σαουδική Αραβία και τα Ηνωμένα Αραβικά Εμιράτα : |b [πτυχιακή εργασία] / |c Ευαγγέλου Σαμουήλ ; επιβλέπων: Ρουκανάς Σπυρίδων. |
| 260 | |c 2014. | ||
| 300 | |a 77 σ. : |b χάρτης, πίν., διαγρ. ; |c 30 εκ. | ||
| 502 | # | # | |a Πτυχιακή εργασία – Πανεπιστήμιο Αιγαίου, Χίος, 2014. |
| 504 | |a Περιλαμβάνει βιβλιογραφία. | ||
| 650 | 0 | |a International economic relations. | |
| 650 | 0 | |a Dissertations, Academic |z Greece. | |
| 700 | 1 | |a Ρουκανάς, Σπυρίδων, |e dgs [Επιβλέπων καθηγητής] | |
| 710 | 1 | |a Πανεπιστήμιο Αιγαίου Τμήμα Μηχανικών Οικονομίας και Διοίκησης - Τ.Μ.Ο.Δ. |b Σχολή Επιστημών της Διοίκησης. | |
| 852 | |a INST |b CHIOS |c DIATR |e 20150224 |h 337.9495 ΕΥΑ |p 005200035972 |q 005200035972 |t DIE |y 23 | ||
| 852 | |a INST |b CHIOS |c DIATR |e 20150220 |h 337.9495 ΕΥΑ |p 005200035973 |q 005200035973 |t DIE |y 23 | ||
| 856 | |u http://hdl.handle.net/11610/8482 | ||
| 901 | |a BIBL2-2015-1 | ||
| 924 | |a ΕΥΑΓΓΕΛΟΥ |b ΣΑΜΟΥΗΛ |y Χίος |z 2014-08 | ||
| 970 | |a Παροικάκη |b Βασιλική |z 20/02/2015 | ||